000 01426nam a2200433 c 4500
999 _c103749
_d103749
003 BLK
005 20241109005512.0
008 180409b bul|||||r ||||||| ||bul||
010 _aKNG00108828000
040 _aBLK
041 _aBUL
_cBUL
072 7 _2bullib
_aК
_xКраезнание
072 7 _2bullib
_aРА
_xРусенски автори
080 _aБългарска литература
_b821.163.2
_x-1
_z821.163.2-1
100 1 _aКисьов, Здравко Крумов
_d1937-2015
_gПоет. Преводач.
_979339
139 _aКисьов, Здравко Крумов
_bК 60
245 1 0 _aБаладичен час
_bСтихотворения и поеми
_cЗдравко Крумов Кисьов.
257 _aBGR
260 _aСофия
_bПрофиздат
_c1974
_fРусе : печ. Дунав
300 _a64 с.
_c20 см
380 _aX
500 _a1 148 тир.
653 _aстихотворения
659 _aК
852 _aЦб 73339
_bЦб
852 _aК 821.163.2/К 60-З
856 4 _qpdf
856 4 _qpdf
942 _cKNG
_n0
_s1
944 _aCR
_c10.11.2003
_lCRON CRON
_k
944 _aED
_c21.07.2015
_lф /
_kЛюдмила_Стоянова
944 _aED
_c2022-09-08
_kХристина Везирева
999 _d103749
999 _d103749
999 _d103749
999 _d103749
999 _d103749
999 _d103749